000 00295nam a22001337a 4500
008 171101b xxu||||| |||| 00| 0 eng d
020 _a9780887305061
041 _aeng
080 _a339
100 _a59
101 _aTRE
245 _aIN THE ERA HUMAN CAPITAL
_cCRAWFORD,R
942 _2udc
_cBK
999 _c37050
_d37050